| 000 | 00807nam a2200253Ia 4500 | ||
|---|---|---|---|
| 003 | OSt | ||
| 005 | 20220926013210.0 | ||
| 006 | a|||||r|||| 00| 0 | ||
| 007 | ta | ||
| 008 | 220923b |||||||| |||| 00| 0 eng d | ||
| 037 | _cGeneral Book | ||
| 040 |
_aRTL _cRTL _beng |
||
| 041 |
_2eng _aeng |
||
| 082 | _aU.1.N7, L7 | ||
| 100 |
_aEnglish Paul Ward _9317978 |
||
| 245 | 0 |
_aWorld regional geography _b A question of place |
|
| 260 |
_aNew York _bHarper's College Press USA _c1977 |
||
| 300 |
_axiv, 591p. Bib p. 563p.Glossary p. 565-77 _ccm. |
||
| 490 | _aHarper and Row Series in geography | ||
| 650 |
_aWorld Geography _9205937 |
||
| 700 |
_a Miller James Andrew _9317979 |
||
| 942 |
_hU.1.N7, L7 _cGB _2CC |
||
| 999 |
_c625447 _d625447 |
||